Szczegóły MARC21

Style życia młodzieży a narkotyki : wyniki badań empirycznych /

003 -Nazwa inst., której nr kontr. jest w polu 001 [,]
    • @
    • Nazwa instytucji, której n kontrolny jest w polu 001
    • NUKAT
005 -DATA I CZAS OSTATNIEJ MODYFIKACJI [,]
    • @
    • pole kontrolne
    • 20241231085837.0
020 -Międzynarod. znormalizowany nr książki - ISBN [ , ]
    • a
    • Numer ISBN
    • 8388594664 Find
040 -Instytucja sporządzająca opis [ , ]
    • a
    • Instytucja, która sporządziła opis (NP)
    • WA U/98ZS
    • c
    • Instytucja, która sporządziła rekord (NP)
    • WA U/ZS
    • d
    • Instytucja, która zmodyfikowała rekord (P)
    • WA U/98MAJ
    • d
    • Instytucja, która zmodyfikowała rekord (P)
    • WA U/98MAP
942 -Rodzaj dokumentu [ , ]
    • c
    • Rodzaj dokumentu
    • Książka
100 -Hasło główne - nazwa osobowa [1, ]
    • a
    • Nazwa osobowa (NP)
    • Fatyga, Barbara
    • d
    • Daty biograficzne (NP)
    • (1953- ).
    • 9
    • KHW
    • 773
245 -Strefa tytułu i oznaczenia odpowiedzialności [1,0]
    • a
    • Tytuł
    • Style życia młodzieży a narkotyki : Find
    • b
    • Ciąg dalszy tytułu (NP)
    • wyniki badań empirycznych / Find
    • c
    • Pozostałe elementy strefy tytułu i oznaczenia odpowiedzialności (NP)
    • Barbara Fatyga, Jolanta Rogala-Obłękowska ; Instytut Spraw Publicznych.
260 -Strefa adresu wydawniczego [ , ]
    • a
    • Miejsce wydania (P)
    • Warszawa :
    • b
    • Nazwa wydawcy (P)
    • Instytut Spraw Publicznych,
    • c
    • Data wydania (P)
    • 2002.
300 -Strefa opisu fizycznego [ , ]
    • a
    • Określenie formy książki i/lub objętość (NP)
    • 359 s. :
    • b
    • Oznaczenie ilustracji (NP)
    • tab. ;
    • c
    • Format (NP)
    • 24 cm.
336 -Typ zawartości [ , ]
    • a
    • Termin opisujący typ zawartości
    • Tekst
    • b
    • Kod określający zawartość
    • txt
    • 2
    • Źródło (terminu i kodu)
    • rdacontent
337 -Typ mediów [ , ]
    • a
    • Tryb odtwarzania
    • Bez urządzenia pośredniczącego
    • b
    • Kod typu mediów
    • n
    • 2
    • Źródło (terminu i kodu)
    • rdamedia
338 -Typ/rodzaj nośnika [ , ]
    • a
    • Hasło opisujące typ nośnika
    • Wolumin
    • b
    • Kod typu nośnika
    • nc
    • 2
    • Źródło (terminu i kodu)
    • rdacarrier
504 -Uwaga dot. bibliogr. załącznikowej [ , ]
    • a
    • Uwaga dot. bibliografii załącznikowej
    • Bibliogr. s. 347-359.
080 -Uniwersalna Klasyfikacja Dziesiętna [ , ]
    • 2
    • Identyfikator wydania tablic
    • UDC-P058
    • 9
    • UKD
    • 2824
    • a
    • Symbol klasyfikacji
    • 316.64
    • b
    • Dopowiedzenie
    • Postawy społeczne. Poglądy. Świadomość społeczna. System przekonań. Przyciąganie. Unikanie. Frustracja. Uczucia społeczne i aspołeczne. Tolerancja. Nietolerancja. Konformizm. Nonkonformizm. Fatalizm. Dogmatyzm. Fanatyzm. Uprzedzenia. Dyskryminacja.
    • 4
    • UKD2
    • 9150
    • x
    • Poddział wspólny
    • -053.6
    • c
    • Dopowiedzenie poddz. wspólnego
    • -Młodzież. Młodociani. Nieletni.
    • 4
    • UKD2
    • 7642
    • x
    • Poddział wspólny
    • (438)
    • c
    • Dopowiedzenie poddz. wspólnego
    • (Polska).
    • 4
    • UKD2
    • 10568
    • x
    • Poddział wspólny
    • (4/9)
    • c
    • Dopowiedzenie poddz. wspólnego
    • (Kraje świata nowożytnego).
080 -Uniwersalna Klasyfikacja Dziesiętna [ , ]
    • 2
    • Identyfikator wydania tablic
    • UDC-P058
    • 9
    • UKD
    • 3967
    • a
    • Symbol klasyfikacji
    • 39
    • b
    • Dopowiedzenie
    • Etnologia. Etnografia. Zwyczaje i obyczaje. Folklor.
    • 4
    • UKD2
    • 9150
    • x
    • Poddział wspólny
    • -053.6
    • c
    • Dopowiedzenie poddz. wspólnego
    • -Młodzież. Młodociani. Nieletni.
    • 4
    • UKD2
    • 7642
    • x
    • Poddział wspólny
    • (438)
    • c
    • Dopowiedzenie poddz. wspólnego
    • (Polska).
    • 4
    • UKD2
    • 10568
    • x
    • Poddział wspólny
    • (4/9)
    • c
    • Dopowiedzenie poddz. wspólnego
    • (Kraje świata nowożytnego).
080 -Uniwersalna Klasyfikacja Dziesiętna [ , ]
    • 2
    • Identyfikator wydania tablic
    • UDC-P058
    • 9
    • UKD
    • 4590
    • a
    • Symbol klasyfikacji
    • 613.83
    • b
    • Dopowiedzenie
    • Narkotyki. Narkomania
    • 4
    • UKD2
    • 9150
    • x
    • Poddział wspólny
    • -053.6
    • c
    • Dopowiedzenie poddz. wspólnego
    • -Młodzież. Młodociani. Nieletni.
    • 4
    • UKD2
    • 7642
    • x
    • Poddział wspólny
    • (438)
    • c
    • Dopowiedzenie poddz. wspólnego
    • (Polska).
    • 4
    • UKD2
    • 10568
    • x
    • Poddział wspólny
    • (4/9)
    • c
    • Dopowiedzenie poddz. wspólnego
    • (Kraje świata nowożytnego).
080 -Uniwersalna Klasyfikacja Dziesiętna [ , ]
    • 2
    • Identyfikator wydania tablic
    • UDC-P058
    • 9
    • UKD
    • 1896
    • a
    • Symbol klasyfikacji
    • 001.891.3
    • b
    • Dopowiedzenie
    • Badania teoretyczne.
650 -Hasło przedmiotowe [ ,7]
    • a
    • Hasło przedmiotowe
    • Młodzież
    • z
    • Określnik geograficzny
    • Polska
    • x
    • Określnik rzeczowy
    • obyczaje i zwyczaje
    • y
    • Określnik chronologiczny
    • 1990-.
    • 2
    • Źródło terminu
    • kaba
    • 9
    • KHW
    • 697961
650 -Hasło przedmiotowe [ ,7]
    • a
    • Hasło przedmiotowe
    • Młodzież
    • z
    • Określnik geograficzny
    • Polska
    • x
    • Określnik rzeczowy
    • postawy
    • y
    • Określnik chronologiczny
    • 1990-.
    • 2
    • Źródło terminu
    • kaba
    • 9
    • KHW
    • 359543
650 -Hasło przedmiotowe [ ,7]
    • a
    • Hasło przedmiotowe
    • Narkotyki i młodzież
    • x
    • Określnik rzeczowy
    • badania
    • z
    • Określnik geograficzny
    • Polska.
    • 2
    • Źródło terminu
    • kaba
    • 9
    • KHW
    • 697962
980 -Symbol UKD [ , ]
    • a
    • UKD
    • 316.64:39:613.83]-053.6(438+4/9):001.891.3
700 -Hasło dodatkowe - nazwa osobowa [1, ]
    • a
    • Nazwa osobowa (NP)
    • Rogala-Obłękowska, Jolanta. Find
    • 9
    • KHW
    • 697922
920 -ISBN [ , ]
    • a
    • ISBN
    • 83-88594-66-4 Find
Status udost. Data inwentaryzacji Lokalizacja Numer inwentarzowy
-22010-02-04BGW.207568
-32003-04-17BGPd.15200
12003-04-17BGPd.15199